Le capital : (Record no. 159070)

MARC details
000 -LEADER
campo de control de longitud fija 01345nam a22002535i 4500
001 - NÚMERO DE CONTROL
campo de control 159070
003 - IDENTIFICADOR DE NÚMERO DE CONTROL
campo de control ES-MaACL
005 - FECHA Y HORA DE LA ÚLTIMA TRANSACCIÓN
campo de control 20260304142415.0
008 - DATOS DE LONGITUD FIJA--INFORMACIÓN GENERAL
campo de control de longitud fija 040908m19001902fr |||| | fre d
100 1# - ENTRADA PRINCIPAL--NOMBRE DE PERSONA
Nombre de persona Marx, Karl,
Fechas asociadas al nombre 1818-1883
9 (RLIN) 78590
245 13 - MENCIÓN DEL TÍTULO
Título Le capital :
Resto del título critique de l'économie politique /
Mención de responsabilidad, etc. par Karl Marx ; avec une préface de Friedrich Engels.
260 ## - PUBLICACIÓN, DISTRIBUCIÓN, ETC.
Lugar de publicación, distribución, etc. Paris :
Nombre del editor, distribuidor, etc. V. Giard & E. Brière,
Fecha de publicación, distribución, etc. 1900-1902.
300 ## - DESCRIPCIÓN FÍSICA
Extensión 3 v. ;
Dimensiones 22 cm.
490 1# - MENCIÓN DE SERIE
Mención de serie Bibliothèque socialiste internationale / publié sous la direction de Alfred Bonnet ;
Designación de volumen o secuencia 3-5
505 8# - NOTA DE CONTENIDO CON FORMATO
Nota de contenido con formato Contiene: I. Livre II: Le procès de circulation du capital / traduit a l'Institut des Sciences Sociales de Bruxelles par Julian Borchardt et Hippolyte Vanderrydt (XXII, 591 p.) - II-III: Livre III: Le procès d'ensemble de la production capitaliste / traduit a l'Institut des Sciences (2 v.; XXIV, 521; 596 [i.e. 496] p.)
650 #7 - PUNTO DE ACCESO ADICIONAL DE MATERIA--TÉRMINO DE MATERIA
Término de materia o nombre geográfico como elemento de entrada Economía
Fuente del encabezamiento o término embne
9 (RLIN) 12006
650 #4 - PUNTO DE ACCESO ADICIONAL DE MATERIA--TÉRMINO DE MATERIA
Término de materia o nombre geográfico como elemento de entrada Capital.
9 (RLIN) 10758
700 1# - ENTRADA AGREGADA--NOMBRE PERSONAL
Nombre de persona Engels, Friedrich.
9 (RLIN) 47225
700 1# - ENTRADA AGREGADA--NOMBRE PERSONAL
Nombre de persona Borchardt, Julian.
9 (RLIN) 126080
700 1# - ENTRADA AGREGADA--NOMBRE PERSONAL
Nombre de persona Vanderrydt, Hippolyte.
9 (RLIN) 133546
830 1# - PUNTO DE ACCESO ADICIONAL DE SERIE-TÍTULO UNIFORME
Título uniforme Bibliothèque socialiste internationale / publiée sous la direction de Alfred Bonnet
Designación de volumen o secuencia 3-5
9 (RLIN) 221691
852 ## - LOCALIZACIÓN
Ubicación ES-MaACL
Número de control de estantería B-1833-35
Nota libre - Enc. pasta española
-- - Enc. con cada v. catálogo de ed.
Holdings
Estatus retirado Estado de pérdida Estado de daño No para préstamo Colección Biblioteca de origen Biblioteca actual Ubicación en estantería Fecha de adquisición Fuente de adquisición Total de préstamos Signatura topográfica completa Código de barras Visto por última vez Precio de reemplazo Tipo de ítem Koha
        Libros del s. XIX Biblioteca del Ateneo de Madrid Biblioteca del Ateneo de Madrid Sala Pardo Bazán 17/01/2008     B-1833-1835 1166523 23/02/2023 23/02/2023 Libro impreso antiguo